Statistics for Scottish Parliament Constituencies

Click here to take the quiz!

General Stats

  • This quiz has been taken 188 times
  • The average score is 38 of 73

Answer Stats

RegionAnswer% Correct
Highlands and IslandsOrkney
90%
Highlands and IslandsShetland
87%
LothianEdinburgh Western
86%
Mid Scotland and FifeStirling
86%
LothianEdinburgh Southern
83%
Highlands and IslandsInverness and Nairn
83%
LothianEdinburgh Eastern
82%
LothianEdinburgh Northern and Leith
77%
South ScotlandAyr
75%
Highlands and IslandsMoray
72%
North East ScotlandDundee City East
69%
North East ScotlandDundee City West
69%
Highlands and IslandsSkye, Lochaber, and Badenoch
69%
West ScotlandDumbarton
68%
South ScotlandEast Lothian
68%
North East ScotlandAberdeen South and North Kincardine
66%
LothianEdinburgh Central
63%
Central ScotlandMotherwell and Wishaw
63%
North East ScotlandAberdeenshire West
62%
Central ScotlandCumbernauld & Kilsyth
62%
West ScotlandGreenock and Inverclyde
61%
Central ScotlandAirdrie and Shotts
59%
Mid Scotland and FifeDunfermline
59%
South ScotlandGalloway and West Dumfries
59%
Central ScotlandHamilton, Larkhall and Stonehouse
59%
Mid Scotland and FifeKirkcaldy
59%
Mid Scotland and FifeNorth East Fife
59%
North East ScotlandBanffshire and Buchan Coast
58%
GlasgowGlasgow Southside
58%
South ScotlandKilmarnock and Irvine Valley
58%
North East ScotlandAberdeenshire East
56%
Highlands and IslandsArgyll and Bute
56%
Highlands and IslandsNa h-Eileanan an lar
56%
West ScotlandPaisley
56%
South ScotlandDumfriesshire
54%
North East ScotlandAberdeen Central
52%
Highlands and IslandsCaithness, Sutherland, and Ross
52%
Central ScotlandCoatbridge and Chryston
51%
South ScotlandEttrick, Roxburgh and Berwickshire
51%
Central ScotlandEast Kilbride
48%
Central ScotlandFalkirk East
48%
Central ScotlandFalkirk West
48%
Mid Scotland and FifeClackmannanshire and Dunblane
46%
GlasgowRutherglen
46%
LothianLinlithgow
45%
Mid Scotland and FifeMid Fife and Glenrothes
45%
West ScotlandEastwood
44%
South ScotlandCarrick, Cumnock and Doon Valley
42%
Mid Scotland and FifeCowdenbeath
42%
GlasgowGlasgow Pollock
42%
Mid Scotland and FifePerthshire South and Kinross-shire
42%
LothianEdinburgh Pentlands
41%
GlasgowGlasgow Kelvin
41%
Mid Scotland and FifePerthshire North
39%
GlasgowGlasgow Anniesland
38%
GlasgowGlasgow Cathcart
38%
LothianMidlothian North and Musselburgh
37%
West ScotlandClydebank and Milngavie
35%
South ScotlandMidlothian South, Tweeddale and Lauderdale
35%
GlasgowGlasgow Maryhill and Springburn
34%
GlasgowGlasgow Shettleston
34%
North East ScotlandAberdeen Donside
32%
South ScotlandClydesdale
32%
Central ScotlandUddingston and Bellshill
32%
West ScotlandRenfrewshire North and West
31%
West ScotlandCunninghame North
30%
West ScotlandCunninghame South
30%
West ScotlandRenfrewshire South
30%
North East ScotlandAngus South
28%
West ScotlandStrathkelvin and Bearsden
28%
LothianAlmond Valley
27%
North East ScotlandAngus North & Mearns
27%
GlasgowGlasgow Provan
27%

Score Distribution

Percentile by Number Answered

Percent of People with Each Score

Your Score History

You have not taken this quiz